[Event "Flint (Class C/1)"]
[Site "?"]
[Date "1993.??.??"]
[Round "?"]
[White "Lewis, C."]
[Black "Cooper, Willie"]
[Result "0-1"]
[WhiteElo "1605"]
[BlackElo "1605"]
[PlyCount "76"]
[EventDate "1993.??.??"]

1. d4 Nf6 2. c4 d5 3. Nc3 g6 4. Bf4 c6 5. e3 Bg7 6. Nf3 O-O 7. h3 Qa5 8. Be2
Ne4 9. Qb3 dxc4 10. Bxc4 b5 11. Be2 Be6 12. Qc2 Nxc3 13. bxc3 c5 14. O-O Nd7
15. Rad1 cxd4 16. cxd4 Rac8 17. Qb1 Bxa2 18. Qxb5 Qxb5 19. Bxb5 Nb6 20. Ra1 Rc2
21. Rfc1 Rfc8 22. Rxc2 Rxc2 23. Ne1 Rb2 24. Bf1 Nd5 25. Nd3 Rc2 26. Bb8 a5 27.
Ba7 a4 28. e4 Nc3 29. Nb4 Rd2 30. Nxa2 Nxa2 31. Bb5 Nc3 32. Bxa4 Bxd4 33. Bc6
Ne2+ 34. Kf1 Bxa1 35. Be3 Rb2 36. Ba4 Nc3 37. g3 Rb1+ 38. Kg2 Nxa4 0-1

[Event "Flint (Class C/5)"]
[Site "?"]
[Date "1993.??.??"]
[Round "?"]
[White "Lewis, C."]
[Black "Bloch, Hermann"]
[Result "1-0"]
[WhiteElo "1605"]
[BlackElo "1605"]
[PlyCount "83"]
[EventDate "1993.??.??"]

1. d4 d5 2. c4 dxc4 3. e3 b5 4. a4 c6 5. axb5 cxb5 6. Qf3 Qc7 7. Qxa8 Nc6 8. d5
Na5 9. Nc3 Qb7 10. Qxb7 Nxb7 11. Nxb5 e6 12. Bxc4 Bb4+ 13. Bd2 Bxd2+ 14. Kxd2
a5 15. dxe6 fxe6 16. Nf3 Nf6 17. Nc7+ Ke7 18. Ke2 Ne4 19. Rhd1 Bd7 20. Ne5 Nec5
21. Nxd7 Nxd7 22. Bb5 Nb6 23. Rac1 Nd6 24. Rc6 Nbc8 25. Ba4 Rd8 26. Bb3 e5 27.
Nd5+ Kd7 28. Rc7+ Ke8 29. Rxg7 Kf8 30. Rxh7 Nf7 31. Nf6 Ncd6 32. Bxf7 Nxf7 33.
Rxd8+ Nxd8 34. Rh8+ Ke7 35. Nd5+ Kd7 36. Kd3 Nc6 37. Rh7+ Kd6 38. Kc4 a4 39.
Rh6+ Kd7 40. Kc5 Nd8 41. Nb6+ Kc7 42. Rh7+ 1-0

[Event "Lansing (MI Am/3)"]
[Site "?"]
[Date "1993.??.??"]
[Round "?"]
[White "Lewis, C."]
[Black "Armstead, Curt"]
[Result "0-1"]
[WhiteElo "1605"]
[BlackElo "1895"]
[PlyCount "102"]
[EventDate "1993.??.??"]

1. d4 Nf6 2. c4 g6 3. Nc3 d5 4. cxd5 Nxd5 5. Nf3 Bg7 6. e4 Nxc3 7. bxc3 O-O 8.
Ba3 Nd7 9. Be2 c5 10. O-O b6 11. Qb3 Qc7 12. Bc4 e6 13. Rad1 Rd8 14. e5 Bb7 15.
Be2 Rac8 16. Bc1 h6 17. Nd2 cxd4 18. cxd4 Bd5 19. Qb1 Qc2 20. a3 Rc3 21. Qb5
Bf8 22. Bf3 Bxf3 23. Nxf3 Kg7 24. a4 Nc5 25. Bd2 Nxa4 26. Qa6 Ra3 27. Qe2 Nc3
28. Bxh6+ Kxh6 29. Qxc2 Nxd1 30. Qxd1 b5 31. Qd2+ Kg7 32. Qg5 Rd7 33. Qf6+ Kg8
34. Ng5 Bg7 35. Qf4 Bh6 36. Qc1 Bxg5 37. Qxa3 Be7 38. Qe3 a5 39. Rc1 b4 40. Qh6
b3 41. Rc8+ Rd8 42. Rc7 b2 43. Rb7 Bb4 44. g3 b1=Q+ 45. Kg2 Qe4+ 46. Kh3 Qxb7
47. f4 Rxd4 48. Qg5 Rd2 49. Kg4 Qe4 50. Kh4 Rxh2+ 51. Kg4 Qe2# 0-1

[Event "East Lansing (MI Op/1b/20)"]
[Site "?"]
[Date "1993.??.??"]
[Round "?"]
[White "Levine, H."]
[Black "Thurman, John"]
[Result "1-0"]
[WhiteElo "1965"]
[BlackElo "1700"]
[PlyCount "99"]
[EventDate "1993.??.??"]

1. e4 e5 2. Nf3 Nc6 3. Bb5 a6 4. Bxc6 dxc6 5. O-O f6 6. d4 Bg4 7. dxe5 Qxd1 8.
Rxd1 fxe5 9. Rd3 Bd6 10. Nbd2 O-O-O 11. b3 Nf6 12. Bb2 Rhe8 13. Re1 Be6 14.
Bxe5 Bxe5 15. Nxe5 Bxb3 16. Rxd8+ Kxd8 17. Nxc6+ Kd7 18. axb3 Kxc6 19. f3 Kc5
20. Kf2 Kd4 21. Re3 b5 22. Rd3+ Ke5 23. Nf1 c5 24. Ne3 Rc8 25. c4 Rc7 26. Nd5
Rd7 27. Ke3 bxc4 28. bxc4 Rb7 29. f4+ Ke6 30. Nxf6 gxf6 31. Ra3 Rb6 32. g4 Kf7
33. e5 fxe5 34. fxe5 Rg6 35. Kf4 Rb6 36. Ra5 Rc6 37. Kf5 Ke7 38. h4 Kf7 39. g5
h5 40. Ra3 Rb6 41. Ra5 Rc6 42. Ra2 Rb6 43. Rd2 Rb4 44. e6+ Ke7 45. Rd7+ Ke8 46.
g6 Rxc4 47. g7 Rg4 48. Kf6 Rf4+ 49. Kg6 Rg4+ 50. Kh7 1-0

[Event "Flint (MEX/2)"]
[Site "?"]
[Date "1993.??.??"]
[Round "?"]
[White "Levine, H."]
[Black "Sloan, Thomas"]
[Result "0-1"]
[WhiteElo "2010"]
[BlackElo "2095"]
[PlyCount "48"]
[EventDate "1993.??.??"]

1. e4 c5 2. Nf3 Nc6 3. d4 cxd4 4. Nxd4 Nf6 5. Nc3 e5 6. Ndb5 d6 7. Bg5 a6 8.
Bxf6 gxf6 9. Na3 b5 10. Nd5 f5 11. Bd3 Be6 12. Qh5 Rg8 13. g3 Rg5 14. Qxh7 Bxd5
15. exd5 Nd4 16. O-O e4 17. c3 Nf3+ 18. Kg2 Rg6 19. h3 Qf6 20. Bxe4 fxe4 21.
Nc2 Ng5 22. Qh5 Rh6 23. Qe2 Qf3+ 24. Qxf3 exf3+ 0-1

[Event "East Lansing (MI Op/5/14)"]
[Site "?"]
[Date "1993.??.??"]
[Round "?"]
[White "Levine, H."]
[Black "Kitts, Gary"]
[Result "0-1"]
[WhiteElo "1965"]
[BlackElo "2055"]
[PlyCount "57"]
[EventDate "1993.??.??"]

{5/(14)} 1. e4 e6 2. d4 d5 3. e5 c5 4. c3 Nc6 5. Nf3 Qb6 6. Bd3 cxd4 7. cxd4
Bd7 8. O-O Nxd4 9. Nxd4 Qxd4 10. Nc3 Qxe5 11. Re1 Qd6 12. Qf3 Bc6 13. Bf4 Qd7
14. Rad1 Nf6 15. Qe2 Be7 16. Bb1 O-O 17. Be5 Rfd8 18. Qd3 g6 19. Qh3 Qe8 20.
Rd4 Nd7 21. Bg3 Qf8 22. Bh4 Bxh4 23. Rxh4 Qg7 24. f4 Nf6 25. Re5 Rd6 26. Rg5
Rad8 27. f5 exf5 28. Bxf5 d4 29. Bd3 0-1

[Event "East Lansing (MI Op/2/12)"]
[Site "?"]
[Date "1993.??.??"]
[Round "?"]
[White "Levine, H."]
[Black "Everett, Morgan"]
[Result "0-1"]
[WhiteElo "1965"]
[BlackElo "2155"]
[PlyCount "72"]
[EventDate "1993.??.??"]

{2/(12)} 1. e4 e5 2. Nf3 Nc6 3. Bb5 a6 4. Bxc6 dxc6 5. O-O Bg4 6. h3 Bh5 7. g4
Bg6 8. Nxe5 Qh4 9. Qf3 f6 10. Nc4 h5 11. d3 Bd6 12. Nxd6+ cxd6 13. Bf4 O-O-O
14. Qg3 hxg4 15. Qxg4+ Kb8 16. Kg2 Qh7 17. Qg3 Ka8 18. Nc3 Ne7 19. Rh1 Bh5 20.
Bxd6 Ng6 21. h4 Ne5 22. Bxe5 fxe5 23. f3 Rdf8 24. Raf1 Rf6 25. Qxe5 Rhf8 26. f4
Rg6+ 27. Kf2 Qh6 28. Ke1 Rg2 29. Rhg1 Rxc2 30. Qxg7 Rc1+ 31. Kd2 Qxg7 32. Rxg7
Rxf1 33. f5 Rh1 34. Rg5 Rxh4 35. e5 Bg4 36. f6 Be6 0-1

[Event "Flint (MEX/1)"]
[Site "?"]
[Date "1993.??.??"]
[Round "?"]
[White "Levine, H."]
[Black "Drkulec, Vladimir"]
[Result "0-1"]
[WhiteElo "2010"]
[BlackElo "2120"]
[PlyCount "136"]
[EventDate "1993.??.??"]

1. e4 e5 2. Nf3 Nc6 3. Bb5 a6 4. Bxc6 dxc6 5. O-O Bg4 6. h3 h5 7. b3 Qf6 8. Bb2
Bxf3 9. Qxf3 Qxf3 10. gxf3 f6 11. d4 exd4 12. Bxd4 O-O-O 13. Be3 Bd6 14. Nd2
Ne7 15. Nc4 Ng6 16. Nxd6+ cxd6 17. Kg2 f5 18. Bg5 Rdf8 19. h4 Rf7 20. Rad1 Kc7
21. Rd2 Re8 22. Re2 Re5 23. Kg3 d5 24. Rfe1 f4+ 25. Kh3 d4 26. Rd1 c5 27. c3
dxc3 28. Rc2 Nf8 29. Bd8+ Kc6 30. Rxc3 Rd7 31. Rxd7 Kxd7 32. Rd3+ Kc6 33. a3
Re8 34. Bg5 Ne6 35. Rd5 b5 36. Kg2 a5 37. Kf1 b4 38. axb4 axb4 39. Rd3 Nxg5 40.
hxg5 Re5 41. Rd8 Rxg5 42. Rf8 Kd6 43. Rxf4 Ke5 44. Rh4 Kd4 45. f4 Rg4 46. Rxh5
c4 47. bxc4 b3 48. Rb5 Kxc4 49. Rb8 Rxf4 50. Ke2 Rxe4+ 51. Kd2 Rd4+ 52. Kc1 Kc3
53. Rc8+ Rc4 54. Rb8 g5 55. Rb7 g4 56. Rb8 Rf4 57. Rc8+ Kd3 58. Rb8 Ke2 59.
Rxb3 Rc4+ 60. Kb1 Kxf2 61. Rb8 Rf4 62. Rb2+ Kf1 63. Rc2 g3 64. Rc1+ Kf2 65.
Rc2+ Kg1 66. Rc8 g2 67. Kc1 Rf2 68. Kd1 Kf1 0-1

[Event "East Lansing (MI Op/1a/2)"]
[Site "?"]
[Date "1993.??.??"]
[Round "?"]
[White "Levadi, David"]
[Black "Thompson, Dexter"]
[Result "0-1"]
[WhiteElo "1940"]
[BlackElo "2265"]
[PlyCount "42"]
[EventDate "1993.??.??"]

1. Nc3 d5 2. e4 d4 3. Nce2 e5 4. f4 Nc6 5. d3 Bg4 6. h3 Bh5 7. a3 Bd6 8. f5 g6
9. fxg6 hxg6 10. g3 f5 11. Bg2 Nf6 12. Bg5 Be7 13. g4 fxg4 14. h4 g3 15. Qd2
Ng4 16. Nxg3 Bxg5 17. hxg5 Ne3 18. Nxh5 Qxg5 19. Bf3 gxh5 20. Ne2 O-O-O 21. Rg1
Qh4+ 0-1

[Event "Eastpointe (MI Action/3/11)"]
[Site "?"]
[Date "1993.??.??"]
[Round "?"]
[White "Levadi, David"]
[Black "Stemmler, Daniel"]
[Result "1-0"]
[WhiteElo "1930"]
[BlackElo "1605"]
[PlyCount "88"]
[EventDate "1993.??.??"]

{3/(11)} 1. Nc3 d5 2. e4 d4 3. Nce2 e5 4. f4 f6 5. Nf3 Bg4 6. d3 Bb4+ 7. c3
dxc3 8. bxc3 Bc5 9. Ng3 Ne7 10. fxe5 fxe5 11. h3 Bxf3 12. Qxf3 Rf8 13. Qg4 Qd7
14. Qxd7+ Nxd7 15. Ne2 Bf2+ 16. Kd2 O-O-O 17. Kc2 Bc5 18. d4 exd4 19. cxd4 Bb6
20. Be3 Nf6 21. e5 Nfd5 22. Bd2 Rf2 23. Be1 Rxf1 24. Rxf1 Ne3+ 25. Kd3 Nxf1 26.
Bh4 Re8 27. Rxf1 Ng6 28. Bg5 h6 29. Bd2 Kd7 30. Bb4 Ke6 31. Ke4 Ne7 32. Nf4+
Kd7 33. Nh5 g5 34. Nf6+ Kd8 35. Nxe8 Kxe8 36. Bxe7 Kxe7 37. Rf6 h5 38. Rg6 g4
39. hxg4 hxg4 40. Rxg4 c5 41. d5 Bd8 42. Rg7+ Ke8 43. Rg8+ Kd7 44. Rxd8+ Kxd8
1-0

[Event "Eastpointe (EDO/4/9)"]
[Site "?"]
[Date "1993.??.??"]
[Round "?"]
[White "Levadi, David"]
[Black "Solski, Jeff"]
[Result "1-0"]
[WhiteElo "1940"]
[BlackElo "1605"]
[PlyCount "101"]
[EventDate "1993.??.??"]

{4/(9)} 1. Nc3 Nf6 2. Nf3 d6 3. d4 g6 4. e4 Bg7 5. Be3 O-O 6. Qd2 Ng4 7. Bf4 e5
8. dxe5 Nc6 9. exd6 cxd6 10. h3 Nge5 11. Be2 Re8 12. O-O Nxf3+ 13. Bxf3 Ne5 14.
Be2 Bxh3 15. gxh3 Qh4 16. Kh2 h5 17. Bg5 Bh6 18. Bxh4 Bxd2 19. Nd5 Re6 20. Nc7
Bf4+ 21. Kh1 Rc8 22. Nxe6 fxe6 23. c3 Kg7 24. Rg1 Nf7 25. Bxh5 Rh8 26. Rxg6+
Kf8 27. Rf6 Rxh5 28. Rxf4 e5 29. Rg4 Nh6 30. Rag1 Ke8 31. Kh2 Kd7 32. Rg7+ Kc6
33. Bg5 a5 34. Kg3 Nf7 35. Kg4 Nxg5 36. Kxh5 Nxh3 37. R7g4 Nxf2 38. R1g2 Nd3
39. Rd2 Nc5 40. Kg6 b5 41. Kf7 Kd7 42. b3 b4 43. cxb4 axb4 44. Rd5 Ne6 45. Rb5
Nd8+ 46. Kf6 Nc6 47. Rg7+ Kc8 48. Rd5 Nd4 49. Rxd6 Nf3 50. Rc6+ Kb8 51. Re6 1-0

[Event "Eastpointe (EDO/2/10)"]
[Site "?"]
[Date "1993.??.??"]
[Round "?"]
[White "Levadi, David"]
[Black "Papanichola, D."]
[Result "1-0"]
[WhiteElo "1940"]
[BlackElo "1695"]
[PlyCount "47"]
[EventDate "1993.??.??"]

{2/(10)} 1. d4 Nf6 2. Nc3 g6 3. e4 d6 4. Nf3 Bg7 5. Be3 O-O 6. Be2 Na6 7. O-O
c5 8. d5 e6 9. Qd2 exd5 10. exd5 Qb6 11. a3 Ng4 12. Na4 Qc7 13. Bf4 Bd7 14. Nc3
Rab8 15. Rab1 b5 16. a4 b4 17. Ne4 Rb6 18. a5 Rbb8 19. Nxd6 Bh6 20. Bxa6 Qxa5
21. Bxh6 Qxa6 22. Bxf8 Kxf8 23. Ne4 Re8 24. Nxc5 1-0

[Event "Eastpointe (MI Action/1/15)"]
[Site "?"]
[Date "1993.??.??"]
[Round "?"]
[White "Levadi, David"]
[Black "McMahan, M."]
[Result "1-0"]
[WhiteElo "1930"]
[BlackElo "1605"]
[PlyCount "101"]
[EventDate "1993.??.??"]

{1/(15)} 1. Nc3 e5 2. Nf3 Nc6 3. d4 Nxd4 4. Nxd4 exd4 5. Qxd4 Nf6 6. e4 c5 7.
Qa4 Be7 8. e5 Nh5 9. g4 Qc7 10. gxh5 Qxe5+ 11. Be2 h6 12. Bf4 Qf5 13. Qe4 d6
14. O-O-O O-O 15. Qxf5 Bxf5 16. Bxd6 Bg5+ 17. f4 Bf6 18. Nd5 Rfd8 19. Nxf6+
gxf6 20. Rhg1+ Kh7 21. Be7 Re8 22. Bxf6 Rxe2 23. Rg7+ Kh8 24. Rg2+ Kh7 25. Rxe2
Bg4 26. Rg2 Bxd1 27. Rg7+ Kh8 28. Kxd1 Re8 29. Rxf7+ Kg8 30. Rg7+ Kf8 31. Rxb7
Re6 32. Be5 Ke8 33. Rxa7 Rb6 34. a4 Kd8 35. a5 Rb5 36. a6 Rb4 37. Ra8+ Kd7 38.
a7 Ra4 39. Rh8 Ra1+ 40. Kd2 Kc6 41. a8=Q+ Rxa8 42. Rxa8 Kb5 43. Kc3 c4 44. Bd4
Kc6 45. f5 Kd6 46. f6 Ke6 47. Ra7 Kd6 48. f7 Ke6 49. f8=Q Kd5 50. Rd7+ Ke6 51.
Qf7# 1-0

[Event "Eastpointe (MI Action/5/6)"]
[Site "?"]
[Date "1993.??.??"]
[Round "?"]
[White "Levadi, David"]
[Black "Kebrdle, M."]
[Result "1/2-1/2"]
[WhiteElo "1930"]
[BlackElo "2045"]
[PlyCount "91"]
[EventDate "1993.??.??"]

{5/(6)} 1. Nc3 d5 2. e4 c6 3. Nf3 Bg4 4. h3 Bxf3 5. Qxf3 Nf6 6. exd5 Nxd5 7. d4
e6 8. Nxd5 Qxd5 9. Qxd5 exd5 10. Bf4 Nd7 11. Bd3 Be7 12. c3 O-O 13. O-O-O Rfe8
14. Rhe1 Bf6 15. Bf5 Nb6 16. b3 g6 17. Bd3 Nd7 18. Kd2 Nf8 19. Rxe8 Rxe8 20.
Re1 Ne6 21. Be3 Ng5 22. f3 h5 23. Re2 Ne6 24. f4 Kg7 25. g3 Nc7 26. h4 Re7 27.
f5 Ne8 28. Bf4 a6 29. a4 b5 30. axb5 axb5 31. Rxe7 Bxe7 32. fxg6 fxg6 33. c4
bxc4 34. bxc4 Nd6 35. c5 Nf5 36. Bxf5 gxf5 37. Kc3 Kf7 38. Kb4 Ke6 39. Ka5 Bf6
40. Be3 Bd8+ 41. Ka6 Kd7 42. Kb7 Ba5 43. Bf4 Bc3 44. Be5 Bd2 45. Kb6 Bb4 46.
Bf4 1/2-1/2

[Event "East Lansing (MI Op/6/18)"]
[Site "?"]
[Date "1993.??.??"]
[Round "?"]
[White "Levadi, David"]
[Black "Kebrdle, M."]
[Result "0-1"]
[WhiteElo "1940"]
[BlackElo "2070"]
[PlyCount "40"]
[EventDate "1993.??.??"]

{6/(18)} 1. Nc3 d5 2. e4 c6 3. g3 dxe4 4. Nxe4 Bf5 5. d3 e6 6. Ne2 Nd7 7. Bf4
e5 8. Be3 Ngf6 9. Bg2 Ng4 10. Bd2 Qb6 11. N2c3 Be7 12. O-O O-O 13. Na4 Qc7 14.
c4 Ngf6 15. Nac3 Rad8 16. Re1 Nc5 17. Nxc5 Bxc5 18. Ne4 Bxe4 19. dxe4 Bb4 20.
Re2 Qa5 0-1

[Event "East Lansing (MI Op/3/14)"]
[Site "?"]
[Date "1993.??.??"]
[Round "?"]
[White "Levadi, David"]
[Black "Czuhai, Kevin"]
[Result "1/2-1/2"]
[WhiteElo "1940"]
[BlackElo "2235"]
[PlyCount "49"]
[EventDate "1993.??.??"]

{3/(14)} 1. Nc3 c5 2. Nf3 Nf6 3. d4 e6 4. d5 exd5 5. Nxd5 Be7 6. Bf4 Nxd5 7.
Qxd5 O-O 8. e4 Nc6 9. c3 Qb6 10. Qd2 d6 11. Bd3 Be6 12. O-O Rad8 13. Ng5 Bxg5
14. Bxg5 f6 15. Be3 d5 16. exd5 Rxd5 17. Qc2 Rh5 18. f4 Qc7 19. Be2 Rh4 20. g3
Rh3 21. Bxc5 Re8 22. Rf2 Bd5 23. Re1 Qf7 24. Bg4 Rh6 25. Rxe8+ 1/2-1/2

[Event "East Lansing (MI Op/2/3)"]
[Site "?"]
[Date "1993.??.??"]
[Round "?"]
[White "Lehotzky, Attila"]
[Black "Tsemekhman, Vadim"]
[Result "0-1"]
[WhiteElo "2030"]
[BlackElo "2430"]
[PlyCount "78"]
[EventDate "1993.??.??"]

{2/(3)} 1. d3 d5 2. Nf3 Nc6 3. g3 e5 4. Bg2 Nf6 5. O-O Be7 6. c4 O-O 7. b3 d4
8. Bb2 Nd7 9. e3 Nc5 10. exd4 exd4 11. a3 a5 12. Re1 Bf6 13. Qc2 Bf5 14. Bf1
Qd7 15. Nbd2 Rae8 16. Rxe8 Rxe8 17. Re1 g5 18. Qb1 g4 19. Rxe8+ Qxe8 20. Ne1
Bg5 21. Qd1 Bg6 22. h4 Bxd2 23. Qxd2 Nxb3 24. Qd1 Nc5 25. Bc1 h5 26. Ng2 Ne5
27. Nf4 Nf3+ 28. Kh1 Qe1 29. Qxe1 Nxe1 30. Nxg6 fxg6 31. Bb2 Nf3 32. Be2 Kf7
33. Kg2 Nxd3 34. Bxd3 Ne1+ 35. Kf1 Nxd3 36. Bxd4 Ke6 37. Ke2 Ne5 38. Bxe5 Kxe5
39. Ke3 a4 0-1

[Event "East Lansing (MI Op/4/27)"]
[Site "?"]
[Date "1993.??.??"]
[Round "?"]
[White "Lehotzky, Attila"]
[Black "Kruskie, Jerry"]
[Result "1-0"]
[WhiteElo "2030"]
[BlackElo "1845"]
[PlyCount "99"]
[EventDate "1993.??.??"]

{4/(27)} 1. d4 Nf6 2. c4 e6 3. a3 d5 4. e3 c5 5. cxd5 Qxd5 6. Nc3 Qd8 7. Nf3
Nc6 8. Bb5 Bd7 9. O-O cxd4 10. exd4 a6 11. Ba4 Be7 12. d5 exd5 13. Nxd5 Nxd5
14. Qxd5 O-O 15. Qh5 Bf6 16. Rd1 Qc7 17. Bc2 g6 18. Qh6 Ne5 19. Be4 Bg4 20. Ng5
Bxg5 21. Bxg5 f6 22. Rac1 Qe7 23. Be3 Rac8 24. h3 Be6 25. Rxc8 Rxc8 26. Rc1
Rxc1+ 27. Bxc1 Qd7 28. Qd2 Qxd2 29. Bxd2 b6 30. Bc3 Nd7 31. b4 Kf7 32. Bd3 b5
33. Be4 Bc4 34. Bb7 Nb8 35. Bd4 Ke6 36. Ba7 Nd7 37. Bxa6 Ke5 38. a4 Ke4 39.
Bxb5 Bxb5 40. axb5 Kd5 41. f4 Nf8 42. Kf2 Ne6 43. Ke3 Nd8 44. Bc5 Nb7 45. b6 f5
46. g4 fxg4 47. hxg4 h5 48. f5 g5 49. gxh5 Ke5 50. h6 {[50...Kf6 51.Be7+! Kf7
52.Kf3, followed by a stroll in the park.]} 1-0

[Event "East Lansing (MI Op/6/20)"]
[Site "?"]
[Date "1993.??.??"]
[Round "?"]
[White "Lehotzky, Attila"]
[Black "Kamberi, Sonny"]
[Result "0-1"]
[WhiteElo "2030"]
[BlackElo "1900"]
[PlyCount "48"]
[EventDate "1993.??.??"]

{6/(20)} 1. d3 b6 2. Nf3 Bb7 3. e4 g6 4. Bd2 Bg7 5. Bc3 Nf6 6. b3 O-O 7. h4 c5
8. Qd2 d5 9. e5 d4 10. Bxd4 cxd4 11. exf6 exf6 12. Be2 Re8 13. Kf1 Qe7 14. Nxd4
f5 15. c3 Bxd4 16. cxd4 Nc6 17. Bf3 Nxd4 18. Bxb7 Qxb7 19. Nc3 Rac8 20. h5 Qc6
21. Rc1 Rc7 22. hxg6 fxg6 23. Ne2 Rxe2 24. Rxc6 Rxd2 0-1

[Event "East Lansing (MOR/3/42)"]
[Site "?"]
[Date "1993.??.??"]
[Round "?"]
[White "Leaman, P."]
[Black "Solski, Jeff"]
[Result "0-1"]
[WhiteElo "1605"]
[BlackElo "1605"]
[PlyCount "94"]
[EventDate "1993.??.??"]

{3/(42)} 1. e4 d6 2. Nf3 c5 3. Nc3 Nf6 4. d3 g6 5. g3 Bg7 6. Bg2 O-O 7. O-O Bg4
8. b3 Nxe4 9. dxe4 Bxc3 10. Rb1 Nc6 11. Qd3 Nd4 12. Nxd4 cxd4 13. Bb2 Rc8 14.
h3 Bd7 15. Bxc3 dxc3 16. Rbd1 Qb6 17. e5 Bb5 18. Qe4 Bxf1 19. Kxf1 Qa6+ 20. Ke1
Qxa2 21. exd6 exd6 22. Qd3 Qa5 23. Bxb7 Rc5 24. Qd4 Re8+ 25. Be4 Rxe4+ 26. Qxe4
Re5 27. Qxe5 Qxe5+ 28. Kf1 Qe4 29. Rd3 Qh1+ 30. Ke2 Qxh3 31. Rxc3 Qg4+ 32. Kd2
Qd4+ 33. Rd3 Qxf2+ 34. Kc3 Qe1+ 35. Kc4 a5 36. Rxd6 Qxg3 37. Ra6 Qf4+ 38. Kb5
Qb4+ 39. Kc6 h5 40. c4 h4 41. c5 h3 42. Kd7 Qb7+ 43. Kd6 Qxa6+ 44. c6 h2 45.
Kd7 h1=Q 46. c7 Qe6+ 47. Kd8 Qhd5# 0-1

[Event "East Lansing (MOR/7/35)"]
[Site "?"]
[Date "1993.??.??"]
[Round "?"]
[White "Leaman, P."]
[Black "Smeckert, Dennis"]
[Result "1/2-1/2"]
[WhiteElo "1605"]
[BlackElo "1605"]
[PlyCount "66"]
[EventDate "1993.??.??"]

{7/(35)} 1. e4 e5 2. Nf3 Nc6 3. Nc3 g6 4. g3 d6 5. Bg2 Be6 6. O-O Be7 7. b3 Qd7
8. Re1 f5 9. exf5 gxf5 10. d3 h5 11. Bg5 Bxg5 12. Nxg5 O-O-O 13. Nxe6 Qxe6 14.
f4 h4 15. gxh4 Rxh4 16. Qf3 Rxf4 17. Qxf4 Qg6 18. Qg3 Qh6 19. Kh1 Nf6 20. Rg1
Qd2 21. Nd1 Nd4 22. c3 Ne2 23. Qf2 f4 24. Re1 Ng3+ 25. hxg3 Rh8+ 26. Kg1 Qxd3
27. gxf4 Ng4 28. Bxb7+ Kb8 29. Qe2 Qg3+ 30. Qg2 Qxe1+ 31. Qf1 Rh1+ 32. Bxh1
Qg3+ 33. Qg2 Qe1+ 1/2-1/2

[Event "East Lansing (MOR/1a/19)"]
[Site "?"]
[Date "1993.??.??"]
[Round "?"]
[White "Leaman, P."]
[Black "Rostrom, Richard"]
[Result "1/2-1/2"]
[WhiteElo "1605"]
[BlackElo "1605"]
[PlyCount "106"]
[EventDate "1993.??.??"]

1. e4 c5 2. Nc3 d6 3. Bc4 Nc6 4. Nge2 g6 5. d3 Bg7 6. Be3 Nf6 7. a3 O-O 8. O-O
Bd7 9. h3 a6 10. Qd2 b5 11. Ba2 b4 12. axb4 cxb4 13. Nd1 Qc7 14. Bc4 a5 15. c3
Ne5 16. Bb3 a4 17. Bc2 Rfc8 18. c4 b3 19. Bb1 Nc6 20. Ndc3 Nd8 21. Nf4 e6 22.
Re1 Nb7 23. Nfe2 e5 24. d4 Qxc4 25. dxe5 dxe5 26. Bd3 Qc7 27. Bb5 Bxb5 28. Nxb5
Qc2 29. Nec3 Qxd2 30. Bxd2 Nc5 31. f3 Nd3 32. Reb1 Nb4 33. Rxa4 Rxa4 34. Nxa4
Nd3 35. Bc3 Nd7 36. Rd1 N7c5 37. Nxc5 Nxc5 38. Kf2 Na4 39. Ra1 Nc5 40. g4 Bh6
41. Ke2 Bf4 42. Ra3 Rb8 43. Nc7 Kg7 44. Nd5 Ne6 45. Nxf4 Nxf4+ 46. Kf1 f6 47.
h4 Kh6 48. Bd2 g5 49. Bxf4 gxf4 50. Ke2 Kg6 51. Kf2 Rb6 52. Kg2 h6 53. Kh3 h5
1/2-1/2

[Event "Troy (TCC/DEU/4/5)"]
[Site "?"]
[Date "1993.??.??"]
[Round "?"]
[White "Leaman, P."]
[Black "Piasecki, Vince"]
[Result "0-1"]
[WhiteElo "1605"]
[BlackElo "1605"]
[PlyCount "150"]
[EventDate "1993.??.??"]

{4/(5)} 1. d4 Nf6 2. Nc3 e6 3. Nf3 Bb4 4. Bd2 b6 5. a3 Bxc3 6. Bxc3 Ba6 7. g3
d6 8. Bg2 Bb7 9. O-O Nbd7 10. e3 O-O 11. Re1 Re8 12. b3 Ne4 13. Qd3 f5 14. Nd2
Ndf6 15. Nxe4 Nxe4 16. Bxe4 Bxe4 17. Qd2 Qg5 18. f4 Qg4 19. Qe2 Bf3 20. Qf2 h5
21. h3 Qxh3 22. Qxf3 h4 23. Qg2 Qg4 24. gxh4 Qxh4 25. d5 Re7 26. dxe6 Rae8 27.
Rad1 Qh6 28. Qg5 Rxe6 29. Qxh6 Rxh6 30. Rd5 g6 31. Kg2 Re6 32. Bd2 c6 33. Rd3
g5 34. fxg5 Rhg6 35. Kf2 Rxg5 36. Rg1 Rg4 37. Rxg4+ fxg4 38. Kg3 Rg6 39. Rd4
Kf7 40. Rxg4 Re6 41. Rf4+ Ke7 42. Rh4 a6 43. Rh7+ Kd8 44. Kf4 Rf6+ 45. Kg5 Rf2
46. Bc3 Rxc2 47. Bf6+ Ke8 48. Re7+ Kf8 49. Rb7 b5 50. Kg6 Ke8 51. Re7+ Kd8 52.
Ra7+ Kc8 53. Be7 Rc3 54. Bxd6 Rxe3 55. Rc7+ Kd8 56. Ra7 Re6+ 57. Kf5 Rxd6 58.
Rxa6 Kc7 59. b4 Kb7 60. Ra5 Kb6 61. Ke5 Rd1 62. Ra8 Rd3 63. Ke4 Rd5 64. Rh8 Rd7
65. Rh3 Rd6 66. Rd3 Re6+ 67. Kd4 Re7 68. Re3 Ra7 69. Rc3 Ra8 70. Ke5 Kc7 71.
Rd3 Kb6 72. Ke6 Ra7 73. Rc3 Rc7 74. Kd6 Kb7 75. Kc5 Rd7 0-1

[Event "East Lansing (MOR/5/50)"]
[Site "?"]
[Date "1993.??.??"]
[Round "?"]
[White "Leaman, P."]
[Black "LaFerriere, Larry"]
[Result "1-0"]
[WhiteElo "1605"]
[BlackElo "1605"]
[PlyCount "61"]
[EventDate "1993.??.??"]

{5/(50)} 1. e4 e5 2. Nf3 Nc6 3. Nc3 Nf6 4. g3 d5 5. exd5 Nxd5 6. Nxd5 Qxd5 7.
d3 Bg4 8. Bg2 Bb4+ 9. c3 e4 10. dxe4 Qxe4+ 11. Be3 Rd8 12. Qe2 Bc5 13. Bxc5
Qxe2+ 14. Kxe2 Rd5 15. Be3 Ne5 16. h3 Bxf3+ 17. Bxf3 Rd7 18. Bxb7 Nc4 19. Bc6
Nxb2 20. Bxd7+ Kxd7 21. Rab1 Nc4 22. Rhd1+ Kc6 23. Rb4 Na3 24. Ra4 Nb5 25. Rc4+
Kb7 26. Rb1 c6 27. a4 a6 28. axb5 axb5 29. Re4 Rc8 30. Ra1 Ra8 31. Re7+ 1-0

[Event "Troy (TCC/DEU/1a/7)"]
[Site "?"]
[Date "1993.??.??"]
[Round "?"]
[White "Leaman, P."]
[Black "Ho, E."]
[Result "1-0"]
[WhiteElo "1605"]
[BlackElo "1605"]
[PlyCount "108"]
[EventDate "1993.??.??"]

1. d4 d5 2. Nc3 e6 3. Nf3 Be7 4. g3 Nf6 5. Bg2 O-O 6. O-O h6 7. b3 Bd7 8. Ne5
Bb4 9. Bb2 Nc6 10. Nxd7 Qxd7 11. e3 a6 12. a3 Bd6 13. Re1 e5 14. Nxd5 Nxd5 15.
Bxd5 Rae8 16. Bxc6 Qxc6 17. dxe5 Bxe5 18. Bxe5 Rxe5 19. Qd4 Rfe8 20. c4 Re4 21.
Qc3 g5 22. Red1 h5 23. Rd5 Qg6 24. Rad1 f6 25. R1d4 Rxd4 26. Rxd4 h4 27. Qd3 f5
28. Rd8 h3 29. Rxe8+ Qxe8 30. Qxf5 Qh5 31. Qd5+ Kg7 32. Qd7+ Kf6 33. Qd8+ Ke5
34. Qxc7+ Ke6 35. Qb6+ Ke5 36. Qd4+ Ke6 37. Qd5+ Kf6 38. b4 Qe2 39. Qd6+ Kf7
40. Qd7+ Kf6 41. Qxh3 g4 42. Qh4+ Kf5 43. Qh5+ Kf6 44. Qh6+ Kf7 45. Qf4+ Kg6
46. Qe4+ Kg7 47. Qxb7+ Kg8 48. Qc8+ Kf7 49. Qd7+ Kf8 50. Qd6+ Kf7 51. Qd5+ Kf8
{[1-0, 59?]} 52. Qd8+ Kg7 53. Qd4+ Kg6 54. Qa1 Qd3 1-0

[Event "Troy (TCC/C/3/10)"]
[Site "?"]
[Date "1993.??.??"]
[Round "?"]
[White "Lane, T."]
[Black "Sunts, A."]
[Result "0-1"]
[WhiteElo "1605"]
[BlackElo "1605"]
[PlyCount "80"]
[EventDate "1993.??.??"]

{3/(10)} 1. e4 e5 2. Nf3 d6 3. c3 Be7 4. Be2 Nf6 5. Qc2 Nbd7 6. d4 h6 7. O-O
exd4 8. cxd4 c6 9. Nc3 O-O 10. Re1 Re8 11. Be3 Nb6 12. Rad1 d5 13. exd5 cxd5
14. Ne5 Bb4 15. Bb5 Re7 16. a3 Bxc3 17. Qxc3 Bf5 18. Bd3 Rc8 19. Qd2 Bxd3 20.
Qxd3 Ne4 21. Rc1 Rec7 22. Rxc7 Rxc7 23. Nf3 Nc4 24. Rb1 Nxe3 25. fxe3 Qc8 26.
Nd2 Rc1+ 27. Nf1 Rxb1 28. Qxb1 Qc4 29. Qd1 b5 30. Nd2 Qd3 31. h3 Qxd2 32. Qxd2
Nxd2 33. Kf2 Nc4 34. Kf3 Nxb2 35. e4 dxe4+ 36. Kxe4 Nc4 37. Kd5 Ne3+ 38. Kc5
Kf8 39. g4 Ke7 40. Kxb5 Kd6 {[0-1, 55]} 0-1

[Event "Troy (TCC/C/1b/9)"]
[Site "?"]
[Date "1993.??.??"]
[Round "?"]
[White "Lane, T."]
[Black "McFolley, John"]
[Result "0-1"]
[WhiteElo "1605"]
[BlackElo "1605"]
[PlyCount "50"]
[EventDate "1993.??.??"]

1. e4 e5 2. Nf3 Nc6 3. Bb5 a6 4. Ba4 Nf6 5. O-O d6 6. Bxc6+ bxc6 7. Nc3 Be7 8.
Re1 Bg4 9. h3 Bh5 10. d3 h6 11. b3 Nh7 12. Ba3 Ng5 13. Qe2 Bxf3 14. gxf3 Nxh3+
15. Kh2 Nf4 16. Qf1 Rg8 17. Ne2 g5 18. Nxf4 gxf4 19. Qh3 Bf6 20. Rg1 Rxg1 21.
Rxg1 Bg5 22. Bb2 c5 23. c3 Rb8 24. d4 f6 25. Rd1 Qe7 0-1